El poder entrañable / (Record no. 98155)

MARC details
000 -LEADER
campo de control de longitud fija 00610nam a2200217 i 4500
001 - NÚMERO DE CONTROL
campo de control 98155
003 - IDENTIFICADOR DE NÚMERO DE CONTROL
campo de control ES-MaACL
005 - FECHA Y HORA DE LA ÚLTIMA TRANSACCIÓN
campo de control 20250729062625.0
007 - CAMPO FIJO DE DESCRIPCIÓN FÍSICA--INFORMACIÓN GENERAL
campo de control de longitud fija t|
008 - DATOS DE LONGITUD FIJA--INFORMACIÓN GENERAL
campo de control de longitud fija 050726s1952 sp ||||1| spa d
100 1# - ENTRADA PRINCIPAL--NOMBRE DE PERSONA
Nombre de persona Marrero, Vicente.
9 (RLIN) 77070
245 13 - MENCIÓN DEL TÍTULO
Título El poder entrañable /
Mención de responsabilidad, etc. Vicente Marrero.
260 ## - PUBLICACIÓN, DISTRIBUCIÓN, ETC.
Lugar de publicación, distribución, etc. Madrid :
Nombre del editor, distribuidor, etc. Cálamo,
Fecha de publicación, distribución, etc. 1952 (
Fabricante Imp. Suc. Rivadeneyra)
300 ## - DESCRIPCIÓN FÍSICA
Extensión 3 h., 191 p. ;
Dimensiones 19 cm.
490 1# - MENCIÓN DE SERIE
Mención de serie Esplandián ;
Designación de volumen o secuencia 3
650 00 - PUNTO DE ACCESO ADICIONAL DE MATERIA--TÉRMINO DE MATERIA
Término de materia o nombre geográfico como elemento de entrada Poder.
9 (RLIN) 16144
650 #7 - PUNTO DE ACCESO ADICIONAL DE MATERIA--TÉRMINO DE MATERIA
Término de materia o nombre geográfico como elemento de entrada Política
Fuente del encabezamiento o término embne
9 (RLIN) 140345
830 1# - PUNTO DE ACCESO ADICIONAL DE SERIE-TÍTULO UNIFORME
Título uniforme Esplandián ;
Designación de volumen o secuencia 3
9 (RLIN) 184457
852 ## - LOCALIZACIÓN
Ubicación ES-MaACL
Número de control de estantería D-8133
Holdings
Estatus retirado Estado de pérdida Estado de daño No para préstamo Biblioteca de origen Biblioteca actual Ubicación en estantería Fecha de adquisición Fuente de adquisición Total de préstamos Signatura topográfica completa Código de barras Visto por última vez Precio de reemplazo Tipo de ítem Koha
        Biblioteca del Ateneo de Madrid Biblioteca del Ateneo de Madrid Sala Valle Inclán 17/01/2008     D-8133 901102465 23/02/2023 23/02/2023 Libro impreso